Multiple Choice City Quiz – Athens - Statistics

General Stats
  • This quiz has been taken 408 times
    381 since last reset
  • The average score is 4 of 10
Answer Stats
Question Answer % Correct
In what years did the Olympics take place in Athens? 1896 and 2004
68%
Which animal is associated with the Godesses Athena and by extension the city of Athens? Owl
68%
Who allegedly ran from Marathon to Athens to announce victory over the Persians? Pheidippides
58%
How many lines does the Athens Metro consist of? 3
47%
Which of these movies takes place partly in Athens? Jason Bourne
46%
Which of these Football Clubs are NOT based in Athens? PAOK
37%
In which Athenian University did an uprising against the Military Junta occur in 1973? Athens Polytechnic
35%
What former Prime Minister is Athens International Airport (ATH) named after? Eleftherios Venizelos
33%
Before Athens became Greece's capital in 1834 which city held that title? Nafplio
20%
Which army shot a mortar round into the Parthenon, severely damaging the structure? Venetian
17%
No matching quizzes found
Score Distribution
Percent of People with Each Score
Percentile by Number Answered
Your Score History
You have not taken this quiz since the last reset